| 000 | 01097cam a2200277 4500 | ||
|---|---|---|---|
| 001 | 15502 | ||
| 005 | 20230410102134.0 | ||
| 008 | 060907n2000 dr spa | ||
| 020 | _a8478842128 | ||
| 020 | _a9788478842124 (Ed. Popular) | ||
| 020 | _a9233037339 (Unesco) | ||
| 020 | _a9789233037335 (Unesco) | ||
| 035 | _9funglode15630 | ||
| 041 | _aspa | ||
| 050 | 1 | 4 |
_a118 PQ 7408 _bC965d 2000 |
| 245 | 0 | 0 |
_aCuentos dominicanos / _cJuan Bosch...[et al.] |
| 260 |
_aMadrid : _bEditorial Popular, _c2000 |
||
| 300 |
_a108 p. ; _c19 cm. |
||
| 440 | 0 |
_aLetra grande; _v55 |
|
| 505 | 0 | _aLa mujer / Juan Bosch -- El cumpleaños de Vitalina / Hilma Contreras -- Selva de agujeros negros para Chichí la salsa / Armando Almánzar Rodríguez -- Ahora que vuelvo, Ton / René del Risco Bermúdez -- Intuición femenina / Pedro Vergés -- Los hitos / Pedro Peix -- Masticar una rosa / Angela Hernández. | |
| 650 | 0 | _aShort stories, Dominican. | |
| 650 | 0 |
_aDominican fiction _y20th century. |
|
| 650 | 4 |
_aCuentos dominicanos _ySiglo XX. |
|
| 650 | 4 | _aLiteratura dominicana | |
| 942 |
_2lcc _cbk |
||
| 999 |
_c19809 _d19809 |
||